| 000 | 00750nmm a2200289 a 4500 | ||
|---|---|---|---|
| 003 | AR-BaBNM | ||
| 005 | 20251128202958.0 | ||
| 008 | 097019s1992 ||||||||||||||000 | spa|| | ||
| 020 | _a950-583-064-5 | ||
| 040 | _cAR-BaBNM | ||
| 100 | 1 | _aGarcía, Miguel V. | |
| 245 | 1 | 0 | _aArgentina en El Golfo |
| 260 |
_aBuenos Aires _bPleamar _c1992 |
||
| 300 | 0 |
_a294 p. _bmapas, il.,láms. |
|
| 500 | 0 | _aMapa desplegable de la zona. | |
| 504 | _aBibliografía para consultar p. 193-294 | ||
| 650 | 4 | _aCIENCIAS POLITICAS | |
| 650 | 4 | _aGUERRA | |
| 650 | 4 | _aFUERZAS ARMADAS | |
| 650 | 4 | _aDEFENSA | |
| 650 | 4 | _aOPERACIONES BELICAS | |
| 650 | 4 | _aSEGURIDAD DEL ESTADO | |
| 650 | 4 | _aARMADA | |
| 651 | 4 | _aArgentina | |
| 942 | _cBK | ||
| 998 | _cmariana | ||
| 999 |
_c1345 _d1345 |
||